=LDR 00000nam 2200000 4500 =001 INLIS000000000024308 =005 20130612122913 =008 ***********************************ind** =035 ##$$0010-061300000024308 =041 ##$$a ind =082 ##$$a 92 =090 ##$$a 92, MUK r =100 ##$$a Mukhlisin =245 ##$$a Ratu Adil dan Perjalanan spiritual Megawati, Mukhlisin =260 ##$$a 1999 $b Denpasar =300 ##$$a xii, 292 hlm., 21 cm =650 ##$$a Biografi Megawati =700 ##$$a Damarhuda =850 ##$$a NBPNMAT